Generals of World conqueror 4 - Statistics

General Stats
  • This quiz has been taken 53 times
  • The average score is 14 of 16
Answer Stats
Picture Answer % Correct
MacArthur
95%
Patton
95%
Rommel
95%
Zhukov
95%
Donitz
92%
Eisenhower
92%
Nimitz
92%
Bock
90%
De gaulle
90%
Guderian
90%
Manstein
90%
Bradley
82%
Rokossovsky
79%
Pavlov
77%
Rundstedt
77%
Clark
74%
No matching quizzes found
Score Distribution
Percent of People with Each Score
Percentile by Number Answered
Your Score History
You have not taken this quiz